Statistiques concernant 1er tour 2022. Les 10 départements ayant placé Mélenchon en tête

Cliquez ici pour prendre le quiz!

Statistiques générales

  • Ce quiz a été pris 106 fois
  • Le résultat moyen est 7 sur 10

Statistiques - réponses

% des suffrages exprimésdépartement% Correct
49,1Seine Saint Denis
92%
32,7Val de Marne
80%
53,1Martinique
76%
56,2Guadeloupe
75%
33,1Val d'oise
74%
40,6La Réunion
73%
50,6Guyane
70%
28,1Essonne
67%
25,9Seine et Marne
63%
26,1Ariège
43%

Distribution des résultats

Percentile par nombre de réponses

% des personnes avec chaque résultat

Votre développement - résultats

Vous n’avez pas pris ce quiz